[Event "Bad Woerishofen 2017 - Senioren"]
[Site "Bad Woerishofen"]
[Date "2017.03.15"]
[Round "4.41"]
[White "Collins, Alan"]
[Black "Stokes, Paul"]
[Result "0-1"]
[WhiteElo "1717"]
[BlackElo "1867"]
[Annotator "chessorg"]
[PlyCount "80"]
[EventDate "2017.??.??"]
[WhiteTeam "Cowley"]
[BlackTeam "Battersea"]

1. c4 c5 2. Nc3 g6 3. g3 Bg7 4. Bg2 Nc6 5. Nf3 d6 6. d3 e5 7. O-O Nge7 8. Nd2
O-O 9. a3 a5 10. e4 Nd4 11. Nb3 Ne6 12. Nd5 a4 13. Nxe7+ Qxe7 14. Nd2 Nd4 15.
b3 axb3 16. Nxb3 Nc6 17. Bd2 Be6 18. Qc2 Ra6 19. a4 Rfa8 20. Rfb1 h5 21. h4 Kh7
22. Bc3 Bh6 23. Nc1 Bg4 24. Kf1 Qd7 25. Rb2 Bxc1 26. Qxc1 Rxa4 27. Rxa4 Rxa4
28. Qb1 Ra7 29. Rb6 Qc7 30. Bd2 Nb4 31. Rb5 Bd7 32. Rxb4 cxb4 33. Qxb4 Ra6 34.
f4 Bg4 35. fxe5 Ra1+ 36. Be1 dxe5 37. Kf2 Qd8 38. Qc3 Ra2+ 39. Kg1 Qb6+ 40. Kh1
Qe3 0-1

[Event "Bad Woerishofen 2017 - Senioren"]
[Site "Bad Woerishofen"]
[Date "2017.03.13"]
[Round "4.42"]
[White "Klimpel, Siegfried"]
[Black "Eigenmann, Christina"]
[Result "1-0"]
[WhiteElo "1865"]
[BlackElo "1738"]
[Annotator "chessorg"]
[PlyCount "61"]
[EventDate "2017.??.??"]
[WhiteTeam "TSV Kareth - Lappersdorf"]

1. e4 c6 2. Nc3 d5 3. Nf3 Bg4 4. d4 e6 5. exd5 cxd5 6. Bb5+ Nd7 7. h3 Bxf3 8.
Qxf3 Ngf6 9. Qg3 Qa5 10. Bd2 Qb6 11. O-O O-O-O 12. a4 a6 13. a5 Qxd4 14. Be3
Nh5 15. Bxd7+ Rxd7 16. Bxd4 Nxg3 17. fxg3 Bd6 18. Bf2 Bb4 19. Ne2 e5 20. c3 Bd6
21. Rfd1 Bc7 22. g4 e4 23. Bb6 Re8 24. Bxc7 Kxc7 25. Nd4 e3 26. Re1 g6 27. Re2
Kd6 28. Rae1 Rde7 29. Nc2 Kc5 30. b4+ Kc4 31. Nxe3+ 1-0

[Event "Bad Woerishofen 2017 - Senioren"]
[Site "Bad Woerishofen"]
[Date "2017.03.15"]
[Round "4.43"]
[White "Fuchs, Joachim"]
[Black "Rueggeberg, Wilhelm"]
[Result "1/2-1/2"]
[WhiteElo "1736"]
[BlackElo "1845"]
[Annotator "chessorg"]
[PlyCount "126"]
[EventDate "2017.??.??"]
[WhiteTeam "SC Starnberg"]
[BlackTeam "Sfr.Saarburg-Trier"]

1. d4 Nf6 2. c4 e6 3. Nc3 d5 4. e3 c6 5. Nf3 Nbd7 6. Bd3 dxc4 7. Bxc4 Be7 8.
O-O O-O 9. Qe2 Qc7 10. h3 Nb6 11. Bd3 Bd7 12. b3 Nbd5 13. Bb2 h6 14. Rac1 Qa5
15. Ne5 Ba3 16. Nc4 Nxc3 17. Bxc3 Qa6 18. Nxa3 Qxa3 19. Qd2 Nd5 20. Ba1 Qb4 21.
Qb2 Qe7 22. Qd2 Qg5 23. f4 Qh4 24. Rf3 f5 25. Bf1 Be8 26. Kh2 Nf6 27. g3 Qh5
28. Kg2 Ne4 29. Qb2 Qg6 30. Bd3 Qf6 31. Bxe4 fxe4 32. Rff1 h5 33. Qf2 Qg6 34.
Kh2 Qh6 35. Rc5 Rf5 36. b4 b6 37. Rcc1 Rb5 38. a3 Bd7 39. Qa2 Rd5 40. a4 Rf8
41. Qe2 b5 42. a5 Qg6 43. Rg1 Kf7 44. Bc3 Rh8 45. Be1 Qf5 46. Qg2 Ke7 47. g4
hxg4 48. Qxg4 Qxg4 49. Rxg4 Kf7 50. Rh4 Rdh5 51. Rxh5 Rxh5 52. h4 Rf5 53. Kg3
Rd5 54. Bf2 a6 55. Rh1 Kg6 56. Kh2 Kh5 57. Kg3 Kh6 58. Rg1 Be8 59. Kh2 Bd7 60.
Rg5 Rxg5 61. hxg5+ Kh5 62. Kg3 Be8 63. Kh3 Bg6 1/2-1/2

[Event "Bad Woerishofen 2017 - Senioren"]
[Site "Bad Woerishofen"]
[Date "2017.03.13"]
[Round "4.44"]
[White "Hager, Eberhard"]
[Black "Harke, Horst"]
[Result "1-0"]
[WhiteElo "1730"]
[BlackElo "1836"]
[Annotator "chessorg"]
[PlyCount "57"]
[EventDate "2017.??.??"]
[WhiteTeam "SC Friedberg"]
[BlackTeam "SK Varel"]

1. e4 e5 2. Nf3 Nf6 3. Nxe5 d6 4. Nf3 Nxe4 5. Nc3 Nxc3 6. dxc3 h6 7. Be3 Be7 8.
Qd2 O-O 9. O-O-O Be6 10. Kb1 Nc6 11. h3 Ne5 12. Nxe5 dxe5 13. Qc1 Qc8 14. g4 c6
15. Be2 Rd8 16. g5 Rxd1 17. Bxd1 h5 18. Bxh5 Bxh3 19. Qg1 g6 20. Be2 Qf5 21.
Qg3 Kg7 22. Qxh3 Qxh3 23. Rxh3 f5 24. gxf6+ Bxf6 25. a3 a6 26. Bd3 Re8 27. f3
Re6 28. Bc4 Re8 29. Bh6+ 1-0

[Event "Bad Woerishofen 2017 - Senioren"]
[Site "Bad Woerishofen"]
[Date "2017.03.15"]
[Round "4.45"]
[White "Birkestrand, Odd"]
[Black "Reichwald, Klaus"]
[Result "0-1"]
[WhiteElo "1726"]
[BlackElo "1834"]
[Annotator "chessorg"]
[PlyCount "124"]
[EventDate "2017.??.??"]
[WhiteTeam "Norges Sjakkforbund"]
[BlackTeam "SC Lohhof 1950 e.V."]

1. e4 c5 2. c3 d6 3. d4 Nd7 4. Be3 b6 5. d5 Ngf6 6. Nd2 Bb7 7. Be2 e5 8. Bg5 h6
9. Bh4 Be7 10. Bg3 O-O 11. f4 exf4 12. Bxf4 Ne5 13. Ngf3 Ng6 14. Bg3 Ng4 15.
Bf2 Nxf2 16. Kxf2 Nf4 17. g3 Nh3+ 18. Kg2 Ng5 19. Nxg5 Bxg5 20. Nf3 Re8 21.
Nxg5 Qxg5 22. Bf3 Re7 23. c4 Rae8 24. Qc2 Bc8 25. h4 Qg6 26. h5 Qg5 27. Qc1 Qe5
28. g4 f6 29. Qd2 a6 30. Rab1 b5 31. b3 b4 32. Rhf1 a5 33. Rf2 Ra7 34. Qb2 Qg5
35. Qd2 Bxg4 36. Qxg5 Bxf3+ 37. Kxf3 fxg5 38. Re1 Rf7+ 39. Kg3 Rfe7 40. Rfe2
Re5 41. Re3 g6 42. Kg4 Kg7 43. R1e2 Rf8 44. hxg6 Rf4+ 45. Kg3 Kxg6 46. Re1 h5
47. R1e2 h4+ 48. Kh3 Kh5 49. Kg2 g4 50. Rf2 h3+ 51. Kg3 Rxf2 52. Kxf2 Kh4 53.
Kg1 g3 54. Kh1 Kg4 55. Re1 Kf3 56. Rf1+ Kxe4 57. Rf6 Rf5 58. Re6+ Kd3 59. Kg1
Rf2 60. Rh6 h2+ 61. Kh1 Rf1+ 62. Kg2 Rg1+ 0-1

[Event "Bad Woerishofen 2017 - Senioren"]
[Site "Bad Woerishofen"]
[Date "2017.03.13"]
[Round "4.46"]
[White "Hauke, Hans"]
[Black "Maassen, Hermann"]
[Result "1/2-1/2"]
[WhiteElo "1702"]
[BlackElo "1832"]
[Annotator "chessorg"]
[PlyCount "29"]
[EventDate "2017.??.??"]

1. e4 e5 2. Nc3 Nf6 3. f4 d6 4. Nf3 Nc6 5. Bc4 h6 6. d4 Nxe4 7. Bxf7+ Kxf7 8.
Nxe4 Bf5 9. Ng3 Bh7 10. c3 exd4 11. Nxd4 Nxd4 12. Qxd4 Qf6 13. Be3 Qxd4 14.
Bxd4 Re8+ 15. Kf2 1/2-1/2

[Event "Bad Woerishofen 2017 - Senioren"]
[Site "Bad Woerishofen"]
[Date "2017.03.15"]
[Round "4.48"]
[White "Wraga, Teresa"]
[Black "Thielemann, Joachim"]
[Result "0-1"]
[WhiteElo "1667"]
[BlackElo "1829"]
[Annotator "chessorg"]
[PlyCount "126"]
[EventDate "2017.??.??"]
[WhiteTeam "SG Osnabrueck"]
[BlackTeam "SV Eutin"]

1. e4 e5 2. Nc3 Nc6 3. g3 Bc5 4. Bg2 d6 5. Nge2 Nge7 6. Na4 O-O 7. Nxc5 dxc5 8.
d3 h6 9. O-O f5 10. f4 Qd6 11. Be3 Nd4 12. fxe5 Qxe5 13. c3 Nxe2+ 14. Qxe2 c6
15. d4 cxd4 16. Bxd4 Qc7 17. Rad1 Bd7 18. Qc4+ Kh7 19. Bc5 Rae8 20. Qd4 Be6 21.
Bd6 Qb6 22. Qxb6 axb6 23. b3 Rf7 24. e5 Nc8 25. Ba3 g6 26. c4 g5 27. Bb2 Kg7
28. Rf2 Ne7 29. Rfd2 Ng6 30. Rd8 Rfe7 31. Rxe8 Rxe8 32. Rd6 Kf7 33. h3 Re7 34.
Bf3 f4 35. Bh5 fxg3 36. Bxg6+ Kxg6 37. Kg2 Kf5 38. Kxg3 h5 39. Rd2 h4+ 40. Kg2
Rd7 41. Rxd7 Bxd7 42. Kf3 c5 43. Bc3 Bc6+ 44. Kf2 Be4 45. a3 Bc2 46. b4 Bb3 47.
e6 Kxe6 48. Bg7 Bxc4 49. Bf8 Kf7 50. Bd6 Be6 51. Kg2 c4 52. Be5 b5 53. Bc3 Kg6
54. Bd4 Kf5 55. Bc3 Bd5+ 56. Kf2 Be4 57. Bd2 Bd3 58. Bc3 g4 59. hxg4+ Kxg4 60.
Kg2 Bf5 61. Kh2 Kf3 62. Bf6 h3 63. Bc3 Ke3 0-1

[Event "Bad Woerishofen 2017 - Senioren"]
[Site "Bad Woerishofen"]
[Date "2017.03.13"]
[Round "4.49"]
[White "Dallmeier, Gerhard"]
[Black "Narr, Irmgard"]
[Result "1-0"]
[WhiteElo "1819"]
[BlackElo "1694"]
[Annotator "chessorg"]
[PlyCount "129"]
[EventDate "2017.??.??"]
[WhiteTeam "SK Roland Weißenfels"]
[BlackTeam "SC Muehlh.-R.Nuernberg"]

1. e4 e6 2. d4 d5 3. e5 c5 4. c3 Nc6 5. Nf3 Qb6 6. Be2 Nge7 7. Na3 Ng6 8. Nc2
Bd7 9. O-O Be7 10. b3 cxd4 11. cxd4 O-O 12. Kh1 f5 13. exf6 Bxf6 14. Be3 Nge7
15. Ne5 Bxe5 16. dxe5 Qc7 17. f4 Nf5 18. Bf2 b6 19. Rc1 Qb7 20. Qd2 Nce7 21. a4
Bc6 22. Nb4 Rad8 23. Nxc6 Nxc6 24. Bb5 Nce7 25. Rc3 Rc8 26. Rfc1 Rxc3 27. Rxc3
a6 28. Be2 h6 29. Qc1 a5 30. Rc7 Qb8 31. g4 d4 32. gxf5 Qa8+ 33. Kg1 Nxf5 34.
Qc4 Qe8 35. Bf3 Qg6+ 36. Kf1 Ne3+ 37. Bxe3 dxe3 38. Rc6 Qb1+ 39. Ke2 Qg1 40.
Kd3 Rd8+ 41. Rd6 Qf1+ 42. Ke4 Qb1+ 43. Qd3 Qxd3+ 44. Rxd3 Rc8 45. Kxe3 Rc2 46.
h3 Rc1 47. Kf2 Rc2+ 48. Ke3 Rc1 49. Bh5 Re1+ 50. Kf2 Rc1 51. Bg6 Rc8 52. Rd6
Rb8 53. Rxe6 Kf8 54. Kf3 Kg8 55. h4 Kf8 56. h5 Kg8 57. Ke4 Kf8 58. Kd5 b5 59.
axb5 Rxb5+ 60. Kc6 Rb8 61. Kd7 Ra8 62. Re8+ Rxe8 63. Bxe8 Kg8 64. Bg6 Kf8 65.
e6 1-0

[Event "Bad Woerishofen 2017 - Senioren"]
[Site "Bad Woerishofen"]
[Date "2017.03.15"]
[Round "4.50"]
[White "Wenske, Hardy"]
[Black "Richter, Stefan"]
[Result "1-0"]
[WhiteElo "1814"]
[BlackElo "1671"]
[Annotator "chessorg"]
[PlyCount "125"]
[EventDate "2017.??.??"]
[WhiteTeam "Kieler SG von 1884"]
[BlackTeam "Elstertal langenberg"]

1. Nf3 b6 2. d4 Bb7 3. e3 Nf6 4. Bd3 e6 5. Nbd2 d5 6. O-O Bd6 7. Qe2 Nbd7 8. e4
dxe4 9. Nxe4 Nd5 10. c3 Bf4 11. Be3 N7f6 12. Nxf6+ Qxf6 13. Bb5+ c6 14. Bd3 O-O
15. Rae1 Qh6 16. g3 Bxe3 17. fxe3 Nf6 18. Ne5 Qg5 19. Qf3 Rab8 20. h4 Qh6 21.
Qf4 Qxf4 22. exf4 Rbd8 23. Kh2 g6 24. Bc2 Nd7 25. Nc4 c5 26. Rd1 Nf6 27. Ne5
cxd4 28. c4 h5 29. Rd2 Rd6 30. Rfd1 Rfd8 31. Kg1 Kg7 32. Kf2 Be4 33. Bd3 Bxd3
34. Rxd3 Ne4+ 35. Kg2 Nc5 36. R3d2 d3 37. b4 Ne4 38. Rxd3 Rxd3 39. Rxd3 Rxd3
40. Nxd3 f6 41. a4 Kf8 42. b5 a5 43. c5 bxc5 44. b6 Nd6 45. Nxc5 Ke7 46. b7
Nxb7 47. Nxb7 Kd7 48. Nxa5 Kc7 49. Nb3 Kb6 50. a5+ Ka6 51. Kf3 f5 52. Ke3 Kb5
53. Kd4 Kc6 54. Ke5 Kb5 55. Kxe6 Ka6 56. Kf6 Kb5 57. Kxg6 Ka6 58. Kxf5 Kb5 59.
Ke5 Ka6 60. f5 Kb5 61. Nd4+ Kxa5 62. f6 Kb4 63. f7 1-0

[Event "Bad Woerishofen 2017 - Senioren"]
[Site "Bad Woerishofen"]
[Date "2017.03.15"]
[Round "4.51"]
[White "Kelemen, Norbert"]
[Black "Kumeth, Hartmut"]
[Result "1/2-1/2"]
[WhiteElo "1630"]
[BlackElo "1813"]
[Annotator "chessorg"]
[PlyCount "36"]
[EventDate "2017.??.??"]
[WhiteTeam "SC Weiße Dame Ulm e.V."]
[BlackTeam "SK Union Oldenburg"]

1. c4 e5 2. g3 Nf6 3. Bg2 Be7 4. Nc3 c6 5. Nf3 d6 6. O-O Be6 7. b3 h6 8. d3 Qd7
9. Re1 O-O 10. Bb2 Na6 11. a3 Rad8 12. Qc2 Nh5 13. d4 exd4 14. Nxd4 Nc7 15.
Nxe6 Qxe6 16. Rad1 Nf6 17. e3 d5 18. cxd5 Ncxd5 1/2-1/2

[Event "Bad Woerishofen 2017 - Senioren"]
[Site "Bad Woerishofen"]
[Date "2017.03.13"]
[Round "4.52"]
[White "Weber, Gerhard"]
[Black "Lachat, Martin"]
[Result "0-1"]
[WhiteElo "1773"]
[BlackElo "1642"]
[Annotator "chessorg"]
[PlyCount "50"]
[EventDate "2017.??.??"]
[WhiteTeam "SC Bayer Leverkusen e.V."]
[BlackTeam "ASK Réti Zuerich"]

1. e4 d5 2. exd5 Qxd5 3. d4 e5 4. dxe5 Qxe5+ 5. Be2 Bg4 6. Nc3 Nf6 7. Be3 Bxe2
8. Ngxe2 Bb4 9. O-O Nc6 10. Bf4 Qa5 11. a3 Bxc3 12. Nxc3 Rd8 13. Qe2+ Ne7 14.
Rfe1 Rd7 15. Rad1 Qc5 16. Rxd7 Kxd7 17. Bxc7 Re8 18. Bf4 Ned5 19. Qd2 Rxe1+ 20.
Qxe1 Nxf4 21. Qd2+ N4d5 22. Na4 Qb5 23. b3 Kd6 24. c4 Qxb3 25. Nb2 Qc3 0-1

[Event "Bad Woerishofen 2017 - Senioren"]
[Site "Bad Woerishofen"]
[Date "2017.03.15"]
[Round "4.53"]
[White "Rothenhagen, Siegfried"]
[Black "Buss, Richard"]
[Result "0-1"]
[WhiteElo "1770"]
[BlackElo "1575"]
[Annotator "chessorg"]
[PlyCount "78"]
[EventDate "2017.??.??"]
[WhiteTeam "SF Windach"]
[BlackTeam "VfR Heisfelde e.V."]

1. d4 d5 2. Bf4 e6 3. e3 Bd6 4. Bg3 a6 5. c3 Nf6 6. Bd3 Nbd7 7. Nf3 O-O 8. Nbd2
Re8 9. Ne5 Qe7 10. Ndf3 c5 11. O-O Nf8 12. Ng5 Bxe5 13. Bxe5 h6 14. Nf3 c4 15.
Bc2 N6d7 16. Qe2 f6 17. Bg3 b5 18. e4 Bb7 19. Nh4 dxe4 20. Bxe4 Bxe4 21. Qxe4
f5 22. Qe2 Nf6 23. Rae1 Nd5 24. Qe5 Qf7 25. f4 Nxf4 26. Bxf4 g5 27. Bxg5 hxg5
28. Nf3 Qe7 29. d5 Rad8 30. dxe6 Qxe6 31. Qg3 Qb6+ 32. Kh1 g4 33. Nd4 Rxe1 34.
Qxe1 Qc7 35. Rxf5 Qg7 36. Qe3 Nh7 37. Qe6+ Kh8 38. Rf7 Qg5 39. Qe8+ Rxe8 0-1

[Event "Bad Woerishofen 2017 - Senioren"]
[Site "Bad Woerishofen"]
[Date "2017.03.15"]
[Round "4.54"]
[White "Goris-Schouwstra, Adry"]
[Black "Hartlaub, Marianne"]
[Result "1-0"]
[WhiteElo "1752"]
[BlackElo "1555"]
[Annotator "chessorg"]
[PlyCount "57"]
[EventDate "2017.??.??"]
[BlackTeam "SK 1982 Klingenberg e.V."]

1. d4 Nf6 2. Nf3 d6 3. e3 c6 4. Be2 Bg4 5. c4 e6 6. Nc3 Nbd7 7. h3 Bxf3 8. Bxf3
Be7 9. e4 O-O 10. O-O h6 11. Be3 a6 12. a4 Nh7 13. Be2 f5 14. exf5 exf5 15. f4
Ndf6 16. Qc2 Qd7 17. a5 Rac8 18. Rac1 d5 19. Na4 Qe6 20. Qb3 b5 21. axb6 Rb8
22. Rf3 Ne4 23. Nc5 Bxc5 24. dxc5 Nhf6 25. cxd5 Nxd5 26. Bc4 Rfd8 27. Bd4 Kh8
28. Rff1 Qg6 29. Bxd5 1-0

[Event "Bad Woerishofen 2017 - Senioren"]
[Site "Bad Woerishofen"]
[Date "2017.03.15"]
[Round "4.55"]
[White "Auterhoff, Juergen"]
[Black "Thonig, Manfred"]
[Result "1-0"]
[WhiteElo "1749"]
[BlackElo "1544"]
[Annotator "chessorg"]
[PlyCount "77"]
[EventDate "2017.??.??"]
[WhiteTeam "SC Pasing von 1948 e.V."]
[BlackTeam "SK Großweil"]

1. e4 e5 2. Nf3 Nc6 3. Nc3 Nf6 4. Bb5 a6 5. Bxc6 dxc6 6. Nxe5 Bd6 7. Nf3 Bg4 8.
h3 Bxf3 9. Qxf3 Qe7 10. O-O O-O-O 11. d4 Bb4 12. e5 Nd7 13. a3 Bxc3 14. Qxc3
Nb6 15. Be3 Nd5 16. Qd2 Nxe3 17. Qxe3 Kb8 18. c3 h6 19. Rae1 g5 20. f4 gxf4 21.
Qxf4 Rdf8 22. Qf6 Qe6 23. Qxe6 fxe6 24. Rxf8+ Rxf8 25. Rf1 Rxf1+ 26. Kxf1 Kc8
27. Ke2 Kd8 28. Kf3 Ke8 29. Kg4 Kf7 30. Kh5 Kg7 31. g4 b6 32. g5 hxg5 33. Kxg5
a5 34. h4 a4 35. h5 c5 36. dxc5 bxc5 37. h6+ Kf7 38. h7 Kg7 39. h8=Q+ 1-0

[Event "Bad Woerishofen 2017 - Senioren"]
[Site "Bad Woerishofen"]
[Date "2017.03.15"]
[Round "4.57"]
[White "Flockerzi, Armin"]
[Black "Huba, Mark"]
[Result "1-0"]
[WhiteElo "1822"]
[BlackElo "1590"]
[Annotator "chessorg"]
[PlyCount "105"]
[EventDate "2017.??.??"]
[WhiteTeam "VfR-SC Koblenz"]
[BlackTeam "Kings Head"]

1. d4 Nf6 2. c4 e5 3. dxe5 Ng4 4. Nf3 Nc6 5. Bf4 Bb4+ 6. Nbd2 Qe7 7. a3 Ngxe5
8. Nxe5 Bxd2+ 9. Qxd2 Nxe5 10. e3 d6 11. Be2 Ng6 12. Bg3 O-O 13. O-O Ne5 14. h3
Be6 15. Qc3 Nd7 16. b4 Qf6 17. Qc2 Bf5 18. Bd3 Bxd3 19. Qxd3 Ne5 20. Qd4 Nd7
21. Qd2 Ne5 22. Rac1 Rad8 23. Rfd1 Qe6 24. Qd4 Nc6 25. Qd5 Qxd5 26. cxd5 Ne7
27. Rxc7 Nf5 28. Rxb7 Nxg3 29. fxg3 Rfe8 30. Rxa7 Rxe3 31. Rf1 f6 32. g4 h6 33.
Rf3 Re5 34. Rd3 Kh7 35. Rd2 Kg6 36. a4 h5 37. gxh5+ Rxh5 38. Kh2 Re5 39. b5 f5
40. b6 Kf6 41. a5 g5 42. b7 Rb8 43. a6 Ree8 44. Kg1 Kf7 45. Kf2 Kf6 46. Re2
Red8 47. Re6+ Kf7 48. Kf3 Kg7 49. g3 Kf7 50. Re2 Kf6 51. h4 Kg6 52. hxg5 Kxg5
53. Re6 1-0

[Event "Bad Woerishofen 2017 - Senioren"]
[Site "Bad Woerishofen"]
[Date "2017.03.15"]
[Round "4.58"]
[White "Wraga, Hermann"]
[Black "Hardt, Dieter"]
[Result "1/2-1/2"]
[WhiteElo "1683"]
[BlackElo "1733"]
[Annotator "chessorg"]
[PlyCount "54"]
[EventDate "2017.??.??"]
[WhiteTeam "SG Osnabrueck"]
[BlackTeam "SG Konstanz"]

1. e4 d5 2. Nc3 d4 3. Nce2 e5 4. Ng3 Nc6 5. a3 Be6 6. Nf3 g6 7. Bb5 Bg7 8.
Bxc6+ bxc6 9. d3 h6 10. O-O c5 11. b3 Ne7 12. h3 Qd7 13. Nd2 h5 14. Nf3 f6 15.
Nh2 h4 16. Nh1 g5 17. f3 Ng6 18. Ng4 Nf4 19. Bxf4 gxf4 20. Qe2 O-O-O 21. Nhf2
Rdg8 22. Nd1 Rh5 23. Ndf2 Rg5 24. Kh1 Bh8 25. Rg1 Qg7 26. Raf1 Qd7 27. Qe1 Bg7
1/2-1/2

[Event "Bad Woerishofen 2017 - Senioren"]
[Site "Bad Woerishofen"]
[Date "2017.03.15"]
[Round "4.59"]
[White "Norman, Dinah"]
[Black "Zappi, Adriano"]
[Result "0-1"]
[WhiteElo "1697"]
[BlackElo "1729"]
[Annotator "chessorg"]
[PlyCount "148"]
[EventDate "2017.??.??"]
[BlackTeam "Merania"]

1. d4 e6 2. e4 Nf6 3. Bd3 d6 4. Nf3 Nbd7 5. c3 Be7 6. Qe2 b6 7. Bg5 Bb7 8. Nbd2
h6 9. Bxf6 Nxf6 10. O-O O-O 11. Ne1 e5 12. d5 a5 13. a4 Nd7 14. Bb5 Nc5 15. Nc2
Ba6 16. Bxa6 Nxa6 17. Ne3 Bg5 18. b3 Nc5 19. Rab1 Qd7 20. c4 Rad8 21. f3 Bxe3+
22. Qxe3 f5 23. exf5 Qxf5 24. Ne4 Na6 25. Rbd1 Nb4 26. Qe2 Rd7 27. Rd2 Na6 28.
Rb2 Rdf7 29. Re1 Qg6 30. Rf1 Nb4 31. Kh1 Qf5 32. Rd2 g5 33. h3 Kg7 34. Qe3 Qf4
35. Qxf4 Rxf4 36. Kg1 Kg6 37. Re1 Na6 38. Rb2 Nb4 39. Rd2 h5 40. Nc3 Na6 41.
Ne4 Nc5 42. Nxc5 bxc5 43. Re4 R4f7 44. Rd3 Rb8 45. Kf2 Rb4 46. Ke2 Rf8 47. Kd2
Rfb8 48. Kc2 Kf5 49. g4+ hxg4 50. hxg4+ Kg6 51. Rde3 Rh8 52. Re2 Rh3 53. Rf2
Rb8 54. Re3 Rf8 55. Kd2 Rh1 56. Ke2 Rf4 57. Rf1 Rh2+ 58. Kd3 Rd4+ 59. Kc3 Kf6
60. Rd3 Rf4 61. Re3 Rh4 62. Rg1 Rh3 63. Rf1 e4 64. Kd2 Rhxf3 65. Rfxf3 exf3 66.
Re6+ Kf7 67. Ke1 Rxg4 68. Kf2 Rf4 69. Rh6 Ke7 70. Rh7+ Rf7 71. Rxf7+ Kxf7 72.
Kxf3 Kf6 73. Kg4 Kg6 74. Kf3 Kf5 0-1

[Event "Bad Woerishofen 2017 - Senioren"]
[Site "Bad Woerishofen"]
[Date "2017.03.15"]
[Round "4.60"]
[White "Schulz, Franz"]
[Black "Erdmann, Wolfgang"]
[Result "1/2-1/2"]
[WhiteElo "1629"]
[BlackElo "1725"]
[Annotator "chessorg"]
[PlyCount "60"]
[EventDate "2017.??.??"]
[WhiteTeam "SV Ebersbach"]
[BlackTeam "SC Roter Turm Altstadt"]

1. b4 d6 2. Bb2 e6 3. a3 Nf6 4. e3 Nbd7 5. c4 g6 6. d4 Bg7 7. Nf3 b6 8. Nbd2
Bb7 9. Be2 O-O 10. O-O Qe7 11. Qc2 e5 12. dxe5 dxe5 13. Rad1 c5 14. Bc3 Rad8
15. Nb3 e4 16. Ne1 Ne5 17. g3 Rxd1 18. Bxd1 Rd8 19. Be2 Qe6 20. Bxe5 Qxe5 21.
Ng2 Bf8 22. b5 Bg7 23. Rd1 Qe7 24. a4 Rxd1+ 25. Qxd1 Qd7 26. Qc2 g5 27. h4 gxh4
28. Nxh4 Bh6 29. Nd2 Bg5 30. Ng2 Bh6 1/2-1/2

[Event "Bad Woerishofen 2017 - Senioren"]
[Site "Bad Woerishofen"]
[Date "2017.03.15"]
[Round "4.61"]
[White "Sand, Rosemarie"]
[Black "Braeu, Emmi"]
[Result "1-0"]
[WhiteElo "1719"]
[BlackElo "1558"]
[Annotator "chessorg"]
[PlyCount "119"]
[EventDate "2017.??.??"]
[WhiteTeam "Pfullingen"]
[BlackTeam "SK Marktoberdorf"]

1. d4 c5 2. e3 Nf6 3. Nf3 cxd4 4. exd4 d5 5. Be2 Bf5 6. O-O Nc6 7. c3 e6 8. Bf4
Bd6 9. Bxd6 Qxd6 10. Nbd2 h6 11. Re1 O-O 12. h3 Rac8 13. Nf1 Rfe8 14. Ng3 Bg6
15. Bd3 Bxd3 16. Qxd3 Na5 17. Ne5 Nc4 18. Nxc4 dxc4 19. Qf3 Qd5 20. Qf4 Qg5 21.
Qxg5 hxg5 22. Ne4 Nxe4 23. Rxe4 f5 24. Re5 Kf7 25. Rae1 a6 26. f3 Rc6 27. R1e2
b5 28. a3 Rd8 29. Kf2 Rd5 30. Rxd5 exd5 31. Re5 Rd6 32. Rxf5+ Kg6 33. Re5 Kf6
34. g3 a5 35. f4 gxf4 36. gxf4 g6 37. Kf3 b4 38. axb4 axb4 39. Kg4 bxc3 40.
bxc3 Rb6 41. Rxd5 Rb3 42. Rc5 Rxc3 43. d5 Ke7 44. Rc6 Rc1 45. Kg5 Kd7 46. Kxg6
c3 47. Kf5 c2 48. h4 Rd1 49. Rxc2 Rxd5+ 50. Kg4 Ke6 51. Rc6+ Kf7 52. f5 Ra5 53.
Kg5 Ke7 54. h5 Kd7 55. Rb6 Ke7 56. Rb7+ Kf8 57. Kg6 Ra3 58. h6 Rg3+ 59. Kf6 Ke8
60. h7 1-0

[Event "Bad Woerishofen 2017 - Senioren"]
[Site "Bad Woerishofen"]
[Date "2017.03.15"]
[Round "4.62"]
[White "Grandl, Klaus"]
[Black "Oser, Thor"]
[Result "1/2-1/2"]
[WhiteElo "1576"]
[BlackElo "1708"]
[Annotator "chessorg"]
[PlyCount "71"]
[EventDate "2017.??.??"]
[WhiteTeam "Sportfr.Windach e.V.1923"]
[BlackTeam "SK 1929 Joehlingen"]

1. e4 c5 2. Nc3 e6 3. Nf3 Nc6 4. b3 a6 5. Bb2 Nge7 6. Ne2 Ng6 7. Ng3 h5 8. Be2
h4 9. Nf1 Nf4 10. Rg1 Nxe2 11. Qxe2 d6 12. Ne3 e5 13. h3 Be6 14. d3 b5 15. Nh2
Qa5+ 16. Qd2 Qxd2+ 17. Kxd2 f6 18. Rgf1 Ne7 19. f4 exf4 20. Rxf4 Ng6 21. Rf2
Ne5 22. Raf1 Be7 23. Ra1 a5 24. a4 b4 25. Raf1 Kd7 26. Nf5 Bxf5 27. Rxf5 Ke6
28. R5f2 Rh5 29. Rf4 Rah8 30. Bxe5 dxe5 31. Rf5 g6 32. R5f2 Rf8 33. Ng4 f5 34.
Ne3 Bg5 35. Ke2 Bxe3 36. Kxe3 1/2-1/2

[Event "Bad Woerishofen 2017 - Senioren"]
[Site "Bad Woerishofen"]
[Date "2017.03.15"]
[Round "4.63"]
[White "Traversi, Carlo"]
[Black "Gepting, Konrad"]
[Result "1-0"]
[WhiteElo "1582"]
[BlackElo "1606"]
[Annotator "chessorg"]
[PlyCount "67"]
[EventDate "2017.??.??"]
[BlackTeam "SK Marktoberdorf"]

1. e4 e5 2. Nf3 Nc6 3. d4 exd4 4. Nxd4 Nxd4 5. Qxd4 c5 6. Qc4 a6 7. Be3 Qc7 8.
Nc3 Nf6 9. O-O-O b5 10. Nd5 Nxd5 11. Qxd5 Bb7 12. Qf5 Rd8 13. Bg5 f6 14. Bf4 d6
15. Be2 Qf7 16. Kb1 Bc8 17. Qd5 Be6 18. Qc6+ Qd7 19. Qxa6 Be7 20. Bxb5 O-O 21.
Bxd7 Rxd7 22. Bxd6 Rfd8 23. Kc1 Bxd6 24. g3 Bg4 25. Rd3 f5 26. e5 Be2 27. exd6
Bxd3 28. Qxd3 Rxd6 29. Qc4+ Kh8 30. b3 h6 31. Re1 Rd4 32. Qxc5 f4 33. Re8+ Rxe8
34. Qxd4 1-0

[Event "Bad Woerishofen 2017 - Senioren"]
[Site "Bad Woerishofen"]
[Date "2017.03.15"]
[Round "4.64"]
[White "Schwenke, Norbert"]
[Black "Kirchhof, Manfred"]
[Result "0-1"]
[WhiteElo "1627"]
[BlackElo "1530"]
[Annotator "chessorg"]
[PlyCount "108"]
[EventDate "2017.??.??"]
[BlackTeam "SC Unterhaching e.V."]

1. Nc3 Nf6 2. Nf3 d5 3. e3 e6 4. b3 g6 5. Bb2 Bg7 6. Na4 O-O 7. d4 Nbd7 8. Bd3
a6 9. O-O b5 10. Nc3 c5 11. Rb1 Bb7 12. Nd2 Qc7 13. Re1 Rfe8 14. a4 b4 15. Na2
a5 16. Nf3 Rac8 17. Rc1 Qd6 18. c3 c4 19. Be2 Nb6 20. Rb1 Ne4 21. cxb4 axb4 22.
Ba1 c3 23. Bd3 Bf8 24. Rc1 Re7 25. Rc2 Rec7 26. Nc1 Nd7 27. Ne2 Ndf6 28. Nf4 g5
29. Ne2 Ng4 30. Ng3 Nxg3 31. fxg3 f6 32. Qe2 Nh6 33. e4 e5 34. dxe5 fxe5 35.
Nxg5 d4 36. Bc4+ Rxc4 37. bxc4 d3 38. Qf2 dxc2 39. Qxc2 Qc5+ 40. Kh1 Qxc4 41.
Rb1 Be7 42. Nf3 Bxe4 43. Qb3 Qxb3 44. Rxb3 Bc2 45. Rxc3 bxc3 46. Nxe5 Bxa4 47.
Nd3 Bb5 48. Ne1 Nf5 49. g4 Ne3 50. h3 Ba4 51. Kg1 Nc2 52. Nxc2 Bxc2 53. Kf1 Ba3
54. Ke2 Bb2 0-1

[Event "Bad Woerishofen 2017 - Senioren"]
[Site "Bad Woerishofen"]
[Date "2017.03.14"]
[Round "5.1"]
[White "Okrajek, Alexander"]
[Black "Frick, Christoph"]
[Result "1/2-1/2"]
[WhiteElo "2213"]
[BlackElo "2256"]
[Annotator "chessorg"]
[PlyCount "38"]
[EventDate "2017.??.??"]
[WhiteTeam "SC 1919 Siegburg e.V."]
[BlackTeam "Tuebingen"]

1. d4 d5 2. Bf4 Nf6 3. e3 c5 4. c3 Nc6 5. Nf3 Qb6 6. Qb3 c4 7. Qxb6 axb6 8.
Nbd2 b5 9. Be2 Bf5 10. O-O h6 11. a3 e6 12. h3 Be7 13. Ne5 O-O 14. g4 Bh7 15.
g5 hxg5 16. Bxg5 Rfe8 17. f4 Bf8 18. Kh2 Nxe5 19. fxe5 Ne4 1/2-1/2